| 000 | 00583cam a2200205 4500500 | ||
|---|---|---|---|
| 005 | 20260329002812.0 | ||
| 041 | _afre | ||
| 042 | _adc | ||
| 100 | 1 | 0 |
_aDagognet, François _eauthor |
| 245 | 0 | 0 | _aLatah (Malaisie) |
| 260 | _c2013. | ||
| 500 | _a87 | ||
| 690 | _aethnopsychiatrie | ||
| 690 | _aFrayeur | ||
| 690 | _aLatah | ||
| 690 | _aMalaisie | ||
| 690 | _aTobie Nathan | ||
| 786 | 0 | _nPhilosophie magazine | 74 | 11 | 2013-11-01 | p. 48-48 | 1951-1787 | |
| 856 | 4 | 1 | _uhttps://shs.cairn.info/magazine-philosophie-magazine-2013-11-page-48?lang=fr&redirect-ssocas=7080 |
| 999 |
_c1818522 _d1818522 |
||